000 00542nam a22001817a 4500
999 _c189877
_d189877
005 20220714111613.0
010 _aENG-133553
020 _a9789390961689
_c450.00
035 _aEN-117085
037 _bDBAD/PUB
082 _aS
100 _aBiswas,Ranjita
245 _aThe areca nut tree and other stories:
_cby Ranjita Biswas
_bcontemporary women's writing from assam/
260 _bVitasta
_c2022
_aNew Delhi
270 _a2/15,Ansari Road,Daryaganj,
_bNew Delhi
_e110002
300 _axiv;229p.
_c20cm(pbk)
942 _2ddc
_cEN
_hS
_mBIS